[Event "Cheliabinsk Panchenko Memorial op-B"]
[Site "Cheliabinsk"]
[Date "2022.09.18"]
[Round "7"]
[White "Kamarova, Zhanbota"]
[Black "Voronaya, Eva"]
[Result "1-0"]
[WhiteElo "1775"]
[BlackElo "1474"]
[PlyCount "119"]
[EventDate "2022.09.12"]
[EventType "swiss"]
[EventRounds "10"]
[EventCountry "RUS"]
[SourceTitle "CBM 210 Extra"]
[Source "ChessBase"]
[SourceDate "2022.11.30"]
[SourceVersion "1"]
[SourceVersionDate "2022.11.30"]
[SourceQuality "1"]

1. d4 d5 2. c4 e6 3. Nf3 a6 4. g3 dxc4 5. Bg2 b5 6. Ne5 c6 7. 0-0 Bb7 8. a4 Nf6 9. Nc3 Be7 10. axb5 axb5 11. Rxa8 Bxa8 12. Nxb5 cxb5 13. Bxa8 0-0 14. Bg2 Qc7 15. Qc2 Bd6 16. f4 Qb6 17. e3 Na6 18. h3 Nb4 19. Qb1 Qa6 20. Bd2 Qa4 21. g4 Qb3 22. g5 Nfd5 23. e4 Ne3 24. Rf3 Qd1+ 25. Qxd1 Nxd1 26. b3 Bxe5 27. fxe5 Nd3 28. Bf1 N1b2 29. Bc3 Ra8 30. bxc4 bxc4 31. Bxb2 Nxb2 32. Rc3 Ra1 33. Rc2 Nd1 34. Rxc4 g6 35. Rc8+ Kg7 36. Kh2 Ne3 37. Bb5 Ra2+ 38. Kg3 Ra3 39. Kf2 Nd1+ 40. Ke1 Nb2 41. Rc2 Nd3+ 42. Kd1 Nf4 43. h4 Rh3 44. Rd2 Rb3 45. Bc6 Rb1+ 46. Kc2 Rb6 47. d5 Kf8 48. Ba4 Rb4 49. Bc6 Rb6 50. Kc3 Ke7 51. Kc4 exd5+ 52. exd5 Nh3 53. Kc5 Rb1 54. d6+ Kd8 55. Ra2 Rc1+ 56. Kb6 Rb1+ 57. Bb5 Rc1 58. Ra7 Nf4 59. Rxf7 Ne6 60. Re7 1-0

[Event "Cheliabinsk Panchenko Memorial op-B"]
[Site "Cheliabinsk"]
[Date "2022.09.15"]
[Round "4"]
[White "Gerasimova, Olga"]
[Black "Kamarova, Zhanbota"]
[Result "0-1"]
[WhiteElo "1853"]
[BlackElo "1775"]
[PlyCount "135"]
[EventDate "2022.09.12"]
[EventType "swiss"]
[EventRounds "10"]
[EventCountry "RUS"]
[SourceTitle "CBM 210 Extra"]
[Source "ChessBase"]
[SourceDate "2022.11.30"]
[SourceVersion "1"]
[SourceVersionDate "2022.11.30"]
[SourceQuality "1"]

1. e4 e5 2. Nf3 Nc6 3. Bb5 a6 4. Ba4 Nf6 5. 0-0 Be7 6. Re1 b5 7. Bb3 d6 8. c3 0-0 9. h3 Bb7 10. d4 Re8 11. Nbd2 h6 12. Nf1 Bf8 13. Ng3 g6 14. a4 exd4 15. cxd4 Nb4 16. d5 c5 17. dxc6 Nxc6 18. Bd2 b4 19. Qc2 Rc8 20. Qb1 Na5 21. Bc2 Nc6 22. Qa2 a5 23. Rad1 Qe7 24. Bb1 Ne5 25. Nd4 Ba6 26. Bc1 Qa7 27. Be3 Qb7 28. f4 Nc4 29. Bf2 Bg7 30. b3 Na3 31. e5 dxe5 32. fxe5 Nxb1 33. Qxb1 Nd5 34. Ne4 Bxe5 35. Nf3 Nc3 36. Nxc3 Bxc3 37. Rxe8+ Rxe8 38. Rd6 Qc8 39. Nh4 Re6 40. Rd5 Qc6 41. Qd1 Bf6 42. Rd2 Qe4 43. Nf3 Be2 44. Qc2 Bxf3 45. gxf3 Qxf3 46. Rd3 Qf5 47. Qc8+ Kg7 48. Qc4 Re4 49. Qd5 Re5 50. Qd6 Re2 51. Bg3 Rb2 52. Re3 Rb1+ 53. Be1 Qg5+ 54. Kf2 Qh4+ 55. Qg3 Rb2+ 56. Kf1 Qd4 57. Qf3 Qd6 58. Rd3 Qe6 59. Bf2 Rc2 60. Re3 Qa6+ 61. Kg1 Bd4 62. Qe4 Rc1+ 63. Re1 Bxf2+ 64. Kxf2 Qf6+ 65. Kg1 Qg5+ 66. Kh1 Rc3 67. Qd4+ Qf6 68. Re3 0-1

[Event "Satka Autumn op (Women)"]
[Site "Satka"]
[Date "2021.09.03"]
[Round "4"]
[White "Aleshina, Arina"]
[Black "Kamarova, Zhanbota"]
[Result "1/2-1/2"]
[WhiteElo "1445"]
[BlackElo "1859"]
[PlyCount "144"]
[EventDate "2021.08.31"]
[EventType "swiss"]
[EventRounds "9"]
[EventCountry "RUS"]
[SourceTitle "CBM 204 Extra"]
[Source "ChessBase"]
[SourceDate "2021.11.30"]
[SourceVersion "1"]
[SourceVersionDate "2021.11.30"]
[SourceQuality "1"]

1. e4 e5 2. Nf3 Nc6 3. Bc4 Bc5 4. c3 Nf6 5. d4 exd4 6. e5 d5 7. Bb5 Ne4 8. cxd4 Bb6 9. Nbd2 0-0 10. Nb3 f6 11. Be3 fxe5 12. Bxc6 bxc6 13. Nxe5 Qf6 14. f3 Nd6 15. Qc2 Nf5 16. Qd2 Re8 17. f4 a5 18. 0-0 a4 19. Nc1 Ba5 20. Qf2 Ba6 21. Rd1 h5 22. Ncd3 Bxd3 23. Rxd3 Re6 24. Rc1 Qh6 25. Qf3 Bb6 26. Nxc6 Re4 27. g3 Rae8 28. Bf2 R8e6 29. Rdc3 Qf6 30. Qxh5 Nxd4 31. Nxd4 Bxd4 32. Qxd5 Bxc3 33. Rxc3 Qf7 34. Qd8+ Re8 35. Qxc7 Qxa2 36. Rc2 Qd5 37. Qc3 Qb5 38. Rd2 Re2 39. Rxe2 Qxe2 40. Qd4 Rc8 41. Qd5+ Kh8 42. Qf5 Rd8 43. Kg2 Re8 44. Kg1 Qe4 45. Qxe4 Rxe4 46. Bc5 Re2 47. Bd4 Kg8 48. Kf1 Rd2 49. Be5 Rxh2 50. g4 Rc2 51. Ke1 Kf7 52. Kd1 Rg2 53. g5 g6 54. Kc1 Ke6 55. Kb1 Rf2 56. Ka2 Rf3 57. Bb8 Kd5 58. Bc7 Kc4 59. Bd6 Rd3 60. Be5 Rd2 61. Bc3 Rf2 62. Be5 Re2 63. Ka3 Re1 64. Ka2 Rf1 65. Bb8 Kd3 66. Bc7 Kc2 67. Ka3 Rf3+ 68. Ka2 Rb3 69. Be5 Re3 70. Bd4 Rf3 71. Be5 Kc1 72. Bd6 Rf2 1/2-1/2

[Event "Satka Autumn op (Women)"]
[Site "Satka"]
[Date "2021.09.01"]
[Round "2"]
[White "Paramzina, Anastasya"]
[Black "Kamarova, Zhanbota"]
[Result "1-0"]
[WhiteElo "2256"]
[BlackElo "1859"]
[PlyCount "69"]
[EventDate "2021.08.31"]
[EventType "swiss"]
[EventRounds "9"]
[EventCountry "RUS"]
[SourceTitle "CBM 204 Extra"]
[Source "ChessBase"]
[SourceDate "2021.11.30"]
[SourceVersion "1"]
[SourceVersionDate "2021.11.30"]
[SourceQuality "1"]

1. e4 e5 2. Nf3 Nc6 3. Bc4 Bc5 4. d3 Nf6 5. 0-0 d6 6. c3 a5 7. Re1 0-0 8. Bg5 h6 9. Bh4 Ba7 10. Nbd2 g5 11. Bg3 Kg7 12. Nf1 Qe8 13. d4 Bg4 14. Ne3 Bh5 15. Bb5 exd4 16. cxd4 Qc8 17. Nf5+ Kh7 18. e5 dxe5 19. dxe5 Rd8 20. Nd6 cxd6 21. exf6 Bg6 22. Bd3 Qd7 23. Nxg5+ Kh8 24. Bxg6 fxg6 25. Ne6 Re8 26. Qd2 g5 27. Qxd6 Qf7 28. Rac1 Bb8 29. Nc7 Bxc7 30. Qxc7 Rxe1+ 31. Rxe1 Qxf6 32. Qxb7 Rd8 33. h3 h5 34. Qb6 Kg7 35. Rc1 1-0

[Event "Cheliabinsk Panchenko Memorial op-B"]
[Site "Cheliabinsk"]
[Date "2020.09.07"]
[Round "1"]
[White "Bivol, Alina"]
[Black "Kamarova, Zhanbota"]
[Result "1-0"]
[WhiteElo "2386"]
[BlackElo "1902"]
[PlyCount "125"]
[EventDate "2020.09.07"]
[EventType "swiss"]
[EventRounds "9"]
[EventCountry "RUS"]
[SourceTitle "CBM 198 Extra"]
[Source "ChessBase"]
[SourceDate "2020.11.30"]
[SourceVersion "1"]
[SourceVersionDate "2020.11.30"]
[SourceQuality "1"]

1. c4 e6 2. Nc3 d5 3. d4 Nf6 4. cxd5 exd5 5. Bg5 Be7 6. e3 c6 7. Qc2 Nbd7 8. Bd3 0-0 9. Nf3 Re8 10. 0-0 Nf8 11. h3 Be6 12. Rab1 Nh5 13. Bxe7 Qxe7 14. b4 Nf6 15. Rfc1 Rac8 16. a4 g6 17. a5 N8d7 18. Na4 Red8 19. Qb2 Ne8 20. b5 cxb5 21. Rxc8 Rxc8 22. Qxb5 Nd6 23. Qb4 Rc7 24. Nc3 Nf6 25. Ne5 Nfe8 26. Nf3 Qd7 27. Nb5 Nxb5 28. Bxb5 Qd6 29. Qb2 Nf6 30. Bd3 Bc8 31. Nd2 Qc6 32. Nb3 Qc3 33. Qe2 Qb4 34. Qf3 Qe7 35. Nc5 Kg7 36. g4 h6 37. Qg3 Ne8 38. Bf1 Qd6 39. Qxd6 Nxd6 40. Bg2 Be6 41. Kh2 Kf8 42. Kg3 Ke7 43. h4 h5 44. gxh5 gxh5 45. Kf4 f6 46. Bf3 Bf7 47. Rg1 Ne8 48. Rb1 Nd6 49. Kg3 Nf5+ 50. Kh3 Nd6 51. Rb2 Ke8 52. Nd3 Be6+ 53. Kh2 Nc4 54. Ra2 Ke7 55. Bxh5 Kd6 56. Bf3 Rh7 57. h5 Bf5 58. Nf4 Bb1 59. Ra1 Be4 60. Bxe4 dxe4 61. Kh3 Nb2 62. Kg4 Rg7+ 63. Kf5 1-0